Riešenie MRHS rovníc evolučnými algoritmami
Salvato in:
| Autore principale: | |
|---|---|
| Altri autori: | |
| Natura: | Manoscritto Libro |
| Lingua: | slovacco |
| Pubblicazione: |
Bratislava :
STU v Bratislave FEI,
2023
|
| Soggetti: | |
| Accesso online: | https://opac.crzp.sk/?fn=detailBiblioFormChildULVTT&sid=C0DEB8E07572332BA2260815805F&seo=CRZP-detail-kniha |
| Tags: |
Nessun Tag, puoi essere il primo ad aggiungerne!!
|
MARC
| LEADER | 00000ntm a22000003a 4500 | ||
|---|---|---|---|
| 001 | stuzp91926 | ||
| 003 | SK-STU | ||
| 005 | 20241212142615.2 | ||
| 007 | ta | ||
| 008 | 150427s2015----xo-----f-mn---000-0-slo-d | ||
| 040 | |a STU |b slo | ||
| 041 | 0 | |a slo | |
| 044 | |a xo | ||
| 100 | 1 | |a Kupkovič, Jakub |u 035000 |4 aut |U FEI Fakulta elektrotechniky a informatiky |T FEI Ústav informatiky a matematiky |X 97848 |U E050 |Y 816 |7 97848 | |
| 242 | 0 | 1 | |a MRHS solver based on evolutionary algorithms |y eng |
| 245 | 1 | 0 | |a Riešenie MRHS rovníc evolučnými algoritmami |
| 260 | |a Bratislava : |b STU v Bratislave FEI, |c 2023 | ||
| 300 | |a 55 s. | ||
| 650 | 4 | |a MRHS |2 slo | |
| 650 | 4 | |a Genetické algoritmy |2 slo | |
| 650 | 4 | |a Inteligentné prehladávanie |2 slo | |
| 650 | 4 | |a nteligent search |2 eng | |
| 650 | 4 | |a Genetic algorithms |2 eng | |
| 650 | 4 | |a MRHS |2 eng | |
| 700 | 1 | |a Zajac, Pavol |u 035000 |k Z1 |4 ths |U FEI Fakulta elektrotechniky a informatiky |T FEI Ústav informatiky a matematiky |X 10218 |U E050 |Y 816 |7 A000010218 | |
| 856 | 4 | |u https://opac.crzp.sk/?fn=detailBiblioFormChildULVTT&sid=C0DEB8E07572332BA2260815805F&seo=CRZP-detail-kniha | |